| 000 | 00353 a2200133 4500 | ||
|---|---|---|---|
| 082 | _a425 | ||
| 090 |
_c1555 _d1555 |
||
| 100 | _aFrop. Rana Tariq | ||
| 245 |
_aGEM Good Marks in English for Intermediate _cProf. Rana Tariq |
||
| 260 |
_aLahore, Pakistan _bStudents Own Book Depot |
||
| 300 | _a181 | ||
| 500 | _apaper cover | ||
| 942 |
_aNBS _cBK _k425 TAR |
||
| 999 |
_c344074 _d344074 |
||